000 00344nam a2200121 4500
999 _c11326
_d11326
008 160706b xxu||||| |||| 00| 0 eng d
050 _aHQ10.5.K4V33 1987
100 _aVadassery, Thomas
_d1987
245 S _aSocial education and ethics /
_cThomas Vadassery, Michael O'connor.
260 _aNairobi :
_bNdilinge Pub.,
_c1986.
300 _a168p.
_c21cm.
650 _aSocial ethics
650 _aFamily life education
942 _2lcc
_cAFRICANA